000 01115nam a22002897a 4500
005 20240530110347.0
008 141211s2010 ua d f b 000 0 ara d
017 _a1778/2010
_bمصر . دار الكتب المصرية
020 _a9772583763
040 _aEG-CaGPL
041 0 _aara
082 0 4 _221
_a613.2\
_bأ ت
100 0 _aامينة محمد عبدالمطلب
_cاستشارى التغذية العلاجية
245 1 2 _aالتغذية العلاجية لمرضى الكبد /
_cاعداد امينة محمد عبدالمطلب
250 _aط1
260 _aالقاهرة :
_bالدار العربية للنشر والتوزيع ،
_c2010
300 _a123 ص ؛
_c24 سم
504 _aيشتمل على ارجاعات ببليوجرافية
650 0 4 _aالتغذية
_xامراض
650 0 4 _aالكبد
_xامراض
650 0 4 _aسوء التغذية
650 0 4 _aالكبد
_xالتغذية العلاجية
650 0 4 _aالكبد
_xالجوانب الصحية
650 0 4 _aالكبد
_xسرطان
942 _2ddc
_cBK
999 _c60004
_d60004